02 - Né(es) un 2 janvier. - Statistiques

Statistiques générales
  • Ce quiz a été pris 20 fois
  • Le résultat moyen est 2 sur 9
Statistiques - réponses
Hint Réponse % Correct
Joueur de football franco-ivoirien. Auteur du but offrant la victoire à l'Olympique de Marseille en finale de Ligue des champions en 1993. 1967 Basile Boli
75%
Ecrivain américain. Auteur des "Cycle des robots", "Cycle de Fondation","Cycle de l'Empire". 1920 Isaac Asimov
50%
Religieuse carmélite française déclarée sainte par l'Eglise catholique. Ses écrits autobiographiques furent publiés sous le nom de "Histoire d'une âme". 1873 Thérèse de Lisieux
25%
Président du Sénat de 1958 à 1968. Membre du Conseil Constitutionnel de 1974 à 1983. 1897 Gaston Monnerville
19%
Acteur américain vu dans "Boyz N the Hood", "Des hommes d'honneur", "Jerry Maguire","Pearl Harbor", "Les Chemins de la dignité". 1968 Cuba Michael Gooding, Jr.
13%
Homme politique américain, sénateur de 1969 à 1987. Candidat républicain à l'élection présidentielle de 1964. 1909 Barry Morris Goldwater
6%
Ingénieur français. Il fournit des avions de reconnaissance pendant la première guerre mondiale. 1880 Louis Charles Breguet
6%
Mannequin américain. Supermodel dans les années 1990. Egérie de Calvin Klein puis de Maybeline. 1969 Christy Turlington
0%
Homme politique français et juriste inhumé au Panthéon. Président des États généraux, Président de la Convention nationale, Président du Conseil des Cinq-Cents. 1742 Jean-Baptiste Treilhard
0%
Aucun quiz correspondant
Distribution des résultats
% des personnes avec chaque résultat
Percentile par nombre de réponses
Votre historique - résultats
Vous n’avez pas pris ce quiz